Zváranie 2019 : zborník zo 47. medzinárodnej konferencie Zváranie 2019 : 6.-8.11.2019, Tatranská Lomnica, SR

Salvato in:
Dettagli Bibliografici
Ente Autore: Medzinárodná konferencia Zváranie 2019. Tatranská Lomnica, SR
Natura: Atti del Convegno Libro
Lingua:multilingua
Pubblicazione: Bratislava : Slovenská zváračská spoločnosť, 2019
Edizione:1. vyd.
Tags: Aggiungi Tag
Nessun Tag, puoi essere il primo ad aggiungerne!!

MARC

LEADER 00000nam a22000003a 4500
001 0077535
003 SK-STU
005 20191115101351.0
007 ta
008 191114s ----xo-----e------100-0-----d
020 |a 978-80-89296-23-1 
040 |a STU  |b slo 
041 0 |a mul 
044 |a xo 
111 2 |a Medzinárodná konferencia Zváranie 2019.  |n 47th  |d 06.-08.11.2019 :  |c Tatranská Lomnica, SR 
245 1 0 |a Zváranie 2019 :  |b zborník zo 47. medzinárodnej konferencie Zváranie 2019 : 6.-8.11.2019, Tatranská Lomnica, SR 
250 |a 1. vyd. 
260 |a Bratislava :  |b Slovenská zváračská spoločnosť,  |c 2019 
300 |a 162 s. 
996 |b 284M088241  |c M* CD-2754  |l MMKN  |s A  |a 24  |w 0077535_0001